000 01535nam a2200337 i 4500
003 EG-GICUC
005 20260121101326.0
008 251120s1970 ua ||||fr|||| 001 0 ara d
017 _a70/5012
040 _a EG-GICUC
_bara
_c EG-GICUC
_d EG-GICUC
_erda
041 _aara
082 0 4 _a343.4
_bأ ن . ق
_221
092 0 4 _221
099 _aLaw1 10 343.4 أ ن . ق 1 ed - 1970 1006175
100 0 _aأنور العمروسي.
_eمؤلف.
245 1 0 _aقيود وأوصاف ونصوص قانون العقوبات المعدل :
_bمعلقا عليه بالمبادئ القضائية الحديثة ومواد قوانين العقوبات في الدول العربية ومذاهب الفقه مع التعديلات الأخيرة بالقانونين 34 و 59 لسنة 1970 /
_cتأليف أنور العمروسي، مصطفى الشاذلي.
250 _aالطبعة الأولى،
264 1 _aالإسكندرية، مصر :
_bمنشأة المعارف،
_c1970.
300 _a694 صفحة ؛
_c24 سم.
336 _2rda content
_atext
337 _2rda media
_aComputer
338 _2rda carrier
_aOnline Resource
504 _aيشتمل على ارجاعات ببليوجرافية.
546 _aالنص باللغة العربية
650 1 _aالتشريعات الجنائية الخاصة.
_2qrmak
651 1 _2qrmak
700 0 _aمصطفى الشاذلي.
_eمؤلف مشارك.
856 4 0 _uhttps://fll.law.cu.edu.eg/fulltext/bks/B10-06175.pdf
905 _a18
942 _2ddc
_n0
_cBK
_e21
999 _c44992
_d44992